SICKO MODE - Travis Scott feat. Drake (Full Lyrics) - Statistics

General Stats
  • This quiz has been taken 635 times
    153 since last reset
  • The average score is 430 of 691
Answer Stats
Lyrics % Correct
a
98%
I
98%
B
94%
do
94%
is
94%
it
92%
down,
90%
down
90%
that
90%
he
89%
he?
89%
He
89%
know,
89%
know
89%
My
89%
my
89%
the
89%
"The
89%
to
89%
To
89%
we
89%
We
89%
cold
88%
when
88%
When
88%
be
87%
in
86%
in,
86%
In
86%
no
86%
No
86%
Sun
86%
freezin'
85%
for
84%
her,
84%
her
84%
you
83%
"You
83%
mode
82%
sicko
82%
Who
82%
who
82%
La
81%
Out
81%
out
81%
That's
81%
that's
81%
yeah
81%
yeah,
81%
Yeah,
81%
Yeah
81%
dawg
80%
not
80%
me
79%
with
79%
all
78%
All
78%
already
78%
belt
78%
don't
78%
Don't
78%
how
78%
Louis
78%
show
78%
nothin'
76%
Nothin'
76%
else
74%
'em,
74%
'em
74%
just
74%
like
74%
Like
74%
here
73%
on
73%
tried
73%
Young
73%
and
72%
And
72%
Flame,
72%
probably
71%
too
70%
too"
70%
up,
70%
up
70%
light,
68%
light
68%
She
68%
she
68%
this
68%
This
68%
pick
67%
back
66%
Back
66%
back,
66%
it's
66%
It's
66%
a.m.
65%
am
65%
ice
65%
I'm
65%
shit
65%
shit,
65%
us
65%
loot
64%
outside,
64%
roll
64%
bus
63%
got
63%
pull
63%
high
62%
love
62%
give
61%
Now
60%
win
60%
had
59%
Had
59%
would
59%
hit
58%
Hit
58%
Made
58%
made
58%
of
58%
they
58%
used
58%
booth
57%
dance
57%
Jump
57%
school,
57%
Goin'
56%
goin'?"
56%
boys,
55%
land
55%
what
55%
gate
54%
said,
54%
said
54%
way
54%
She's
53%
hour
52%
off
52%
off,
52%
'til
52%
winter's
52%
At
51%
ain't
50%
Ain't
50%
Juice
50%
Juice,
50%
Nike
50%
Was
50%
was
50%
get
49%
hands
49%
him
49%
loose
49%
"Where
49%
where
49%
half
48%
hours
48%
Play-
48%
play-
48%
play
48%
thirteen
48%
duffels
47%
make
46%
pop
46%
4
45%
four
45%
put
45%
these
45%
Xan,
45%
block
44%
did
44%
double
44%
Jamba
44%
"Keep
44%
lock"
44%
man,
43%
man
43%
check,
42%
check
42%
right
42%
room
41%
take
41%
deep
40%
moon"
40%
night,
40%
think
40%
took
40%
even
39%
exes
39%
Two-
39%
bitches
38%
crew
38%
slept
38%
767,
37%
Book
37%
book,
37%
news
37%
ocean,
37%
old
37%
pool
37%
poppin'
37%
Remy,
37%
through
37%
town
37%
big,
36%
Cut
36%
Dash,
36%
flight,
36%
formal,
36%
hoes
36%
lights
36%
shot,
36%
together?
36%
y'all
36%
bedroom,
35%
crept
35%
glue
35%
group
35%
price
35%
suit
35%
thought
35%
weak
35%
wet
35%
Wet
35%
duck
34%
girls
34%
nice
34%
Shorty
34%
clue
33%
"Hop
33%
most
33%
over
33%
stripes
33%
landed
32%
lockdown,
32%
Niggas
32%
records
32%
shoot
32%
follow
31%
keeps,
31%
keeps
31%
might
31%
checks
30%
Christ
30%
Jesus
30%
moves
30%
need
30%
playin'
30%
See
30%
sweet
30%
one
29%
retreat,
29%
sight
29%
Told
29%
turn
29%
305,
28%
'Bout
28%
function
28%
produced
28%
shots
28%
still
28%
ayy,
27%
ayy
27%
blue
27%
chains,
27%
Different
27%
fruits
27%
Lizzie
27%
Papoose
27%
Pass
27%
really
27%
respect,
27%
say,
27%
scores
27%
sellin'
27%
settle,
27%
threat
27%
top
27%
treat
27%
Uncle
27%
Chase
26%
comin'
26%
Lost
26%
open,
26%
Baby
25%
daughter,
25%
paid
25%
roof,
25%
shook
25%
Stacey
25%
chokin',
24%
FBO
24%
look,
24%
mama
24%
tryna
24%
wetty
24%
baguettes
23%
Luke
23%
seen
23%
other
22%
colored
21%
workin'
21%
absolute,
20%
Bonnaroo
20%
clean
20%
dizzy
20%
glutes,
20%
I'ma
20%
jeweler
20%
noose
20%
uh
20%
by
19%
LaFerrari
19%
Sheck
19%
blocks
18%
eses,
18%
FaceTimed
18%
Forbes,
18%
road,
18%
hoppin'
17%
coupes
16%
cover
16%
crackers
16%
Goose
16%
jumpin'
16%
slop
16%
spinnin'
15%
celly
14%
parachute,
14%
passed
14%
circle
13%
dawgs
13%
foots,
13%
reboot
13%
bootch
12%
kites,
12%
Knocked
12%
wish
12%
mixes
11%
Sendin'
10%
sendin'
10%
stife,"
10%
texts,
8%
Valley,
8%
No matching quizzes found
Score Distribution
Percent of People with Each Score
Percentile by Number Answered
Your Score History
You have not taken this quiz since the last reset